| 000 | 00567nam a22001697a 4500 | ||
|---|---|---|---|
| 003 | NUST | ||
| 038 | _aNusrat Nadeem | ||
| 082 | _a200 | ||
| 100 |
_aBaig, Nasir _9124477 |
||
| 245 |
_aDevelopment of Enhanced Image Dehazing Techniques for Security and Surveillance/ _cNasir Baig, |
||
| 264 |
_aRawalpindi; _bMCS NUST; _c2021. |
||
| 300 |
_a141,p; _bill; _c30,cm. |
||
| 650 |
_aPhD- Computer Software Engineering _9124478 |
||
| 700 |
_aSupervisor:Dr. Adil Masood Siddiqui _9120740 |
||
| 856 | _u http://10.250.8.41:8080/xmlui/handle/123456789/26250 | ||
| 942 |
_2ddc _cSC |
||
| 999 |
_c610330 _d610330 |
||